000 00692nam a22001937a 4500
999 _c141518
_d141518
005 20230210172016.0
010 _aENG-118752
020 _a99789381506677
_c399.00
035 _aEfficacy on financial inclusion policies and Way ahead
037 _bDBAD/PUB
082 _a181.45
100 _aNikhilananda
245 _aSri Ramakrishna:
_bThe face of silence/
_cby by Nikhilananda [and] Dhan Gopal Mukherji ; edited by Adiswarananda
260 _aNew Delhi
_bManjul Publishing House
_c2015
270 _a7/32,Ground Floor,Ansari Road,Daryaganj
_bNew Delhi
_e110002
300 _axiv,329p.
_c22cm (Pbk)
700 _dMukerji, Dhan Gopal
942 _2ddc
_cEN
_mNIK
_h181.45